Quizzes
Events
Quiz Creation
Community
Videos
Private Events
Remove Ads
Sign In
Join for FREE
Feedback
Dark Mode
Quiz Categories
Sports
Geography
Music
Movies
Television
Just For Fun
Miscellaneous
History
Literature
Language
Science
Gaming
Entertainment
Religion
Holiday
For Kids
Quiz Lab
Recent
Popular Today
Quiz Kudos Today
Editor Picks
Curator Picks
Quizzes by...
Day
Popularity
Type
Ratings
Length
Year
Community
Subscriptions
Recent Discussions
Orange Saloon
Badges
Playlists
Quests
Create
Leaderboards
Showdown
Live 5
Trivia Bingo
Activity
Puzzle Library
Sporcle Events
Private Events
Virtual Trivia
Globe League
Become a Host
Pub Owners
SporcleCon
Opinionation
Our Games
Videos
Blog
Mobile Apps
Partnerships
Remove Ads and Go Orange
Feedback
Television
TV Characters
TV Show
Sitcom
Network
Friends
Reality Shows
Cast
South Park
Star Trek
The Simpsons
Doctor Who
Television
TV Characters
TV Show
Sitcom
Network
Friends
Reality Shows
Cast
South Park
Star Trek
The Simpsons
Doctor Who
Random Quiz
Search Sporcle
×
Quiz Lab
Quiz Lab
Television
holland
Type in answers that appear in a list
Type in answers that appear in a list
Classic
Best Score? Go Orange.
The Voice Of Holland Series 1 Contestants Stats
Can you name the The Voice Of Holland Series 1 Contestants?
By
baconwaffles
10m
24 Questions
16 Plays
16 Plays
16 Plays
Comments
Comments
Give Quiz Kudos
Give Quiz Kudos
-
- Ratings
hide this ad
Replay
Link that replays current quiz
Next Quiz
Link to next quiz in quiz playlist
You Got
0%
They Got
Avg Score
24%
Avg Friend Score
Upgrade to see
Score Distribution
Jump to the score distribution portion of the page
Score
0/24
Timer
10:00
0
Plays Today
% Correct
Ben Saunders
100%
Leonie Meijer
37.5%
Kim De Boer
37.5%
Pearl Jozefzoon
37.5%
Bart Van Overbeek
31.3%
Lenny Keylard
31.3%
Jennifer Ewbank
31.3%
Davy And Joshua
25%
Joan Franka
25%
Johnny Rosenberg
25%
Raffaela Paton
25%
Nigel Brown
25%
% Correct
Esther Nijhove
25%
Wiep Laurensen
18.8%
Charlotte Ten Brink
18.8%
Nyssina Swerissen
18.8%
Meike Van Der Veer
18.8%
Shary An-Nivillac
18.8%
Kiki Vermeulen
12.5%
Sarina Voorn
12.5%
Kevin Okkema
6.3%
Ray Klaasen
6.3%
Shemsi Mushkolay
0%
Anne Hoogendorn
0%
Quiz Playlist
Details
Report
Send in Message
Add To Playlist
Classic:
Type in answers that appear in a list
Last Updated: Feb 16, 2017
Quiz Scoreboard
CHALLENGE
Sign Up to Join the Scoreboard
Show All
Scores
Hide
Comments
May contain spoilers
Recently Published
TV Characters by Other Roles V
by ghcgh
Television
5m
Decade Duel: World Leaders
by jenniferyan
History
4m
Alphabetical 'K' Countries by Flag Minefield
by ylime102
Geography
3m
More to Explore
Quiz From the Vault
Featured Blog Post
15 Basketball Trivia Facts You Can Be March Mad About
hide this ad
You Might Also Like...
Tags
holland
Voice
Today's Top Quizzes in Television
Browse Television
hide this ad
Today's Top Quizzes in holland
Browse holland
Top Contributed Quizzes in Television
1
Hidden Simpsons Character
2
First Name TV: Leading Men
3
Hidden Simpsons Character XXIV
4
First Name TV: Leading Women Drama
5
One Piece Logic Puzzle
6
Hidden Simpsons Character II
7
Hidden Simpsons Character XXV
8
Hidden Simpsons Character XXVI
9
Hidden Simpsons Character III
10
Pick A Pair: Religious TV
Explore More
Trending Topics
Anime
Disney
Harry Potter
Crossword
Marvel
Kpop
NBA
Soccer
Pokémon
Country
NFL
Puzzle
WWE
The Office
Song
hide this ad
More By:
baconwaffles
Quiz
Plays
Rating
Category
Featured
Created
Biggest Football Rivalries In The UK
1,553
2.40
Sports
Aug 21, 2013
Big Brother UK (Channel 4&5)
898
5.00
Television
Aug 13, 2012
English Football Grounds
563
4.00
Sports
Nov 4, 2013
Celebrity Big Brother UK (Channel 4&5)
401
1.00
Television
Jun 7, 2012
Wwe matches rated 5 stars
387
2.00
Sports
Aug 22, 2013
Go to Creator's Profile
Score Distribution
Quiz Creator Spotlight
baconwaffles
Follow
Send a Message
Quizzes Created
-
Created Quiz Play Count
-
More By This Creator
Popular Quizzes Today
1
Countries of Asia Without Outlines Minefield
2
Find the US States - No Outlines Minefield
3
Pick 6: Fruits
4
The Countries of the World
5
Alphabetical 'K' Countries by Flag Minefield
6
Find the Countries of Europe - No Outlines Minefield
7
US States
8
Find the US States
More Television Quizzes
TV Shows By Obscure Lasting Character
Editor's Pick
Trending Quizzes
Pick 6: Mountains
Pick 6: Harry Potter
Pick 6: Flags
Pick 6: NFL Teams
Pick 6: Movie Franchises
Recently Updated
Adaptations: Name the Title
pecheneg
NWSL Teams
pecheneg
Women's Final Four Teams by Year
bhenderson79
Presidents Quartet II
eogle
Anything But Clue(do)
eogle
Anything But Oceanian Capitals
eogle
Anything But 7
eogle
Anything But Thing
eogle
Word Ladder: February 29
pecheneg
Song Title Questions
pecheneg
Trending Topics
Disney
Marvel
Kpop
NBA
Anime
Harry Potter
Crossword
Soccer
Puzzle
Pokémon
The Office
Country
WWE
NFL
Song
Your Account Isn't Verified!
In order to create a playlist on Sporcle, you need to verify the email address you used during registration. Go to your
Sporcle Settings
to finish the process.
Report this User
Report this user for behavior that violates our
Community Guidelines
.
Details:
Send Report
Go to the Sporcle.com Mobile Site →
Comments